Միքայել Արուտչյան = (Record no. 146936)
[ view plain ]
| 000 -LEADER | |
|---|---|
| fixed length control field | 00971nam a2200229 u 4500 |
| 001 - CONTROL NUMBER | |
| control field | 000385944 |
| 003 - CONTROL NUMBER IDENTIFIER | |
| control field | AM-YeHGA |
| 005 - DATE AND TIME OF LATEST TRANSACTION | |
| control field | 20250618072325.0 |
| 008 - FIXED-LENGTH DATA ELEMENTS--GENERAL INFORMATION | |
| fixed length control field | 041122s1984 ai r 000 0 arm d |
| 040 ## - CATALOGING SOURCE | |
| Original cataloging agency | AM-YeHGA |
| 041 0# - LANGUAGE CODE | |
| Language code of text/sound track or separate title | arm |
| 090 ## - LOCALLY ASSIGNED LC-TYPE CALL NUMBER (OCLC); LOCAL CALL NUMBER (RLIN) | |
| -- | 148323 |
| 245 00 - TITLE STATEMENT | |
| Title | Միքայել Արուտչյան = |
| Remainder of title | Микаел Арутчьян : Նկարացանկ / |
| Statement of responsibility, etc. | Կազմ.՝ Ն.Մ. Մազմանյան; ՀՍՍՀ Կուլտուրայի մինիստր., Հայաստանի պետ. պատկերասրահ. |
| 246 34 - VARYING FORM OF TITLE | |
| Title proper/short title | М. Арутчьян |
| 260 ## - PUBLICATION, DISTRIBUTION, ETC. | |
| Place of publication, distribution, etc. | Երևան : |
| Name of publisher, distributor, etc. | Ա. հ., |
| Date of publication, distribution, etc. | 1984. |
| 300 ## - PHYSICAL DESCRIPTION | |
| Extent | 136 էջ : |
| Other physical details | նկ. ; |
| Dimensions | 27 սմ. |
| 600 14 - SUBJECT ADDED ENTRY--PERSONAL NAME | |
| Personal name | Արուտչյան, Միքայել |
| 9 (RLIN) | 1080 |
| 650 14 - SUBJECT ADDED ENTRY--TOPICAL TERM | |
| Topical term or geographic name entry element | Նկարչություն |
| Form subdivision | Կատալոգ |
| 700 1# - ADDED ENTRY--PERSONAL NAME | |
| Personal name | Մազմանյան, Նազելի Միքայելի |
| Relator term | կազմ. |
| Relationship | com |
| 710 2# - ADDED ENTRY--CORPORATE NAME | |
| Corporate name or jurisdiction name as entry element | Կուլտուրայի մինիստրություն ՀՍՍՀ |
| 710 2# - ADDED ENTRY--CORPORATE NAME | |
| Corporate name or jurisdiction name as entry element | Հայաստանի պետական պատկերասրահ |
| Withdrawn status | Lost status | Damaged status | Not for loan | Collection | Home library | Current library | Date acquired | Total checkouts | Full call number | Barcode | Date last seen | Price effective from | Koha item type | Public note |
|---|---|---|---|---|---|---|---|---|---|---|---|---|---|---|
| General | Fundamental Scientific Library | Fundamental Scientific Library | 22/12/2016 | AIII/5609 | FL0075923 | 22/12/2016 | 22/12/2016 | Գրքեր / Books | 30 Days Loan |
ՀՀ Գիտությունների ազգային ակադեմիայի հիմնարար գիտական գրադարան = Fundamental Scientific Library of NAS RA
All site content, except where otherwise noted, is licensed under a